Administración de operaciones / Nigel Slack [et.al] (Registro nro. 18657)

Detalles MARC
000 -LÍDER
fixed length control field 00608nam a2200169 4500
008 - ELEMENTOS DE LONGITUD FIJA -- INFORMACIÓN GENERAL
fixed length control field 0 1999 0a 000 0MEX
020 ## - NÚMERO INTERNACIONAL NORMALIZADO PARA LIBROS
ISBN 968-26-1163-6
050 ## - SIGNATURA TOPOGRAFICA DE LA BIBLIOTECA DEL CONGRESO (LC)
Número de Clasificación TS155 S562 1999
082 ## - NUMERO DE CLASIFICACION DECIMAL DEWEY
Número de Clasificación 658.522 S581a
100 ## - ASIENTO PRINCIPAL--NOMBRE PERSONAL
Nombre personal Slack, Nigel
245 ## - TÍTULO
Título Administración de operaciones / Nigel Slack [et.al]
250 ## - MENCIÓN DE EDICIÓN
Mención de edición 2 en ingl‚s / primera ed. en español
260 ## - PUBLICACIÓN, DISTRIBUCIÓN, ETC. (PIE DE IMPRENTA)
Lugar de publicación, distribución, etc. México : CECSA
300 ## - DESCRIPCIÓN FÍSICA
Extensión xx, 863 p. / 25 cm.
650 ## - ASIENTO SECUNDARIO DE MATERIA - TERMINO TEMÁTICO
Término temático o nombre geográfico como elemento de entrada 1.ADMINISTRACION DE LA PRODUCCION \ 2.ADMINISTRACION DE OPERACIONES
700 ## - ASIENTO SECUNDARIO - NOMBRE PERSONAL
Nombre personal Chambers, Stuart, Coaut. \ Harland , Christine, Coaut. \ Harrison, Alan, Coaut.
Existencias
No. biblioteca No. biblioteca Número de clasificación Código de barras/Número de adquisición Número de copia Tipo de material
LUIS G. INCLAN LUIS G. INCLAN 658.522 S581a 45012 1 Libros
Calzada Tecnológico # 27, Zacatepec, Morelos.
01(734) 343-07-23 / 343-21-10 / 343-21-11
Apdo. Postal 45 C.P 62780